000 00426nam a2200169Ia 4500
008 090201s9999 xx 000 0 und d
010 _aKPL-24950
040 _bइंग्रजी
041 _aइंग्रजी
082 _a45553
_b24950
100 _abob wils
245 _apace bowling
_cbob wils
260 _c2005
_bpelham books
300 _a152
_bमोठा
600 _apace bowling
942 _cBOOK
999 _c242464
_d242464